KRAJI_11 - Dolenjska - SZ del - Statistics

General Stats
  • This quiz has been taken 138 times
  • The average score is 13 of 17
Answers on the Map
Answers color-coded by a green-red scale on the quiz's map according to % correct below.
 
Answer Stats
Answer % Correct
Grosuplje
91%
Velike Lašče
90%
Dobrnič
88%
Stična
88%
Trebnje
88%
Višnja gora
88%
Želimlje
88%
Žužemberk
88%
Videm-
Dobrepolje
86%
Golo
79%
Šmarje-Sap
79%
Turjak
71%
Temenica
62%
Gabrovka
53%
Prežganje
53%
Kurešček
50%
Pekel
50%
No matching quizzes found
Score Distribution
Percent of People with Each Score
Percentile by Number Answered
Your Score History
You have not taken this quiz